| 000 | 00368nam a2200145Ia 4500 | ||
|---|---|---|---|
| 008 | 200103s9999||||xx |||||||||||||| ||und|| | ||
| 020 | _a9780333409305 | ||
| 040 | _aIMU-MPC | ||
| 082 | _aColumn-18 | ||
| 100 | _aSadek, R.I.M. | ||
| 245 | 4 | _aThe complete Disc manual for the BBC Microcomputer | |
| 260 |
_bMacmillan, London _c1986 |
||
| 300 | _aviii, 200 | ||
| 942 | _cBK | ||
| 999 |
_c6361 _d6361 |
||